01822nam a2200493 i 450000100060000000300080000600500170001400600190003100700150005000800410006502000180010602000270012403500230015103500240017403500250019803500220022304000310024505000200027608000070029608200150030324501200031826400430043830000410048133600310052233700330055333800430058649000340062958801260066359001640078965000350095365000190098865000170100765000260102465000280105065000130107865000180109165500270110970000270113670000320116379700190119583000350121485600620124999900170131163371FlNmELB20241217142332.0m o d | cr cnu||||||||181005s2016 sp o 000 0 spa d z9788494345432 a9781512949070 (e-book) a(MiAaPQ)EBC5308202 a(Au-PeEL)EBL5308202 a(CaPaEBR)ebr11517017 a(OCoLC)1105897051 aFINmELBbspaerdacFINmELB 4aJA71bR121 2016 a320 a320.0122300aRacionalidad política, virtudes públicas y diálogo intercultural /cJesús de Garay y Jaime Araos, editores. 1aSevilla :bEditorial Thémata,c2016. a1 recurso en línea (259 páginas) atextobtxt2rdacontent/spa acomputadorabc2rdamedia/spa arecurso en líneabcr2rdacarrier/spa1 aColección pensamiento ;v23 aDescripción basada en recurso en línea; Título de la página del título en PDF (e-libro, visto October 5, 2018). aRecurso electrónico. Santa Fe, Arg.: e-libro, 2018. Disponible vía World Wide Web. El acceso puede estar limitado para las bibliotecas afiliadas a e-libro. 0aPolitical sciencexPhilosophy. 0aSocial ethics. 0aCitizenship. 0aKnowledge, Theory of. 4aFilosofía política. 4aÉtica. 4aConocimiento. 4aLibros electrónicos.1 aAraos, Jaime,eeditor.1 aGaray, Jesús de,eeditor.2 ae-libro, Corp. 0aColección pensamiento ;v23.40uhttps://elibro.net/ereader/politecnicointernacional/59908 c63371d63371